000
00223nam a22000857a 4500
008
161227b xxu||||| |||| 00| 0 eng d
100
_9
2157
_a
Srivasatava.S
245
_a
My Grardan
260
_a
New Delhi
_b
Childrens Book Trust
_c
2011
999
_c
5047
_d
5047